00685nam a2200205Ia 4500952014000000999001700140003000400157005001700161008004100178020001800219040000900237082001800246100002700264245005000291250001200341260006100353300000900414650001400423942004200437 00102ddc40708PUBLIC FINANCEaMESbMEScECO d2019-02-20g375.00l0o336.54 GUP/Pp37033r2019-02-20 00:00:00w2019-02-20yBKzGL6R6 c11233d11233OSt20191223150550.0190216s9999||||xx |||||||||||||| ||und|| a9788126915651 coclc a336.54bGUP/P aGupta, Janak Raj 9697 0aPublic Economics In India /c Janak Raj Gupta a2nd ed. bAtlantic Publications & Distributors,c2011.aNew Delhi: a602p aEconomics cBK2ddch336.54iGUP/Pk336.54mGUP/P